• 首页
  • 本馆介绍
  • 公告通知
  • 最新文献
  • 馆藏检索
  • 电子资源
  • 读者导购
  • 参考咨询
  • 我的图书馆
  • 登录
  • 详细信息显示
  • 放入我的书架
  • 预约/预借图书
  • 作者相关作品
  • 分类相关作品
  • 丛书相关作品
  • 出版社相关作品

书目信息

  • 表格格式
  • 工作单格式
  • 卡片格式
题名:
高档汽车音响故障分析与维修精华
    
 
作者: 姜文科 主编
分册:  
出版信息: 北京   机械工业出版社  2009
页数: 336页
开本: 26cm
丛书名: 汽车专项维修技术精华丛书
单 册:
中图分类: U463.67
科图分类:
主题词: 汽车--音频设备--故障诊断 , 汽车 , 音频设备
电子资源:
ISBN: 978-7-111-25664-9
000 00938oam2 2200277 450
001 100428572972
005 20110111083848.11
010    @a978-7-111-25664-9@dCNY58.00
100    @a20090507d2009 em y0chiy0110 ea
101 0  @achi
102    @aCN@b110000
105    @aa z 000yy
106    @ar
200 1  @a高档汽车音响故障分析与维修精华@Agao dang qi che yin xiang gu zhang fen xi yu wei xiu jing hua@f姜文科主编
210    @a北京@c机械工业出版社@d2009
215    @a336页@c图@d26cm
225 2  @a汽车专项维修技术精华丛书
330    @a本书共分五章,介绍了高档汽车音响;车载音响基本检修方法、市场销售车载音响故障检修、进口原车安装音响故障检修等。
410  0 @12001 @a汽车专项维修技术精华丛书
606 0  @a汽车@x音频设备@x故障诊断
606 0  @a汽车
606 0  @a音频设备
690    @aU463.67@v4
701  0 @a姜文科@Ajiang wen ke@4主编
801  0 @aCN@bSYL@c20110111
905    @b205967649-676@h596768-69@dU472.43-62@e201@f4
    
    高档汽车音响故障分析与维修精华/姜文科主编.-北京:机械工业出版社,2009
    336页:图;26cm.-(汽车专项维修技术精华丛书)
    
    
    ISBN 978-7-111-25664-9:CNY58.00
    本书共分五章,介绍了高档汽车音响;车载音响基本检修方法、市场销售车载音响故障检修、进口原车安装音响故障检修等。
●
相关链接 在E读中查询图书 在五车中查询图书 在当当中查询图书 在豆瓣中查询图书


正题名:高档汽车音响故障分析与维修精华     索取号:U472.43-62/201         预约/预借

序号 登录号 条形码 馆藏地/架位号 状态 备注
1 596764   205967649   第二样本阅览室/ [索取号:U472.43-62/201] 在馆    
2 596765   205967658   第三借阅区/ [索取号:U472.43-62/201] 在馆    
3 596766   205967667   第三借阅区/ [索取号:U472.43-62/201] 在馆    
4 596767   205967676   第三借阅区/ [索取号:U472.43-62/201] 在馆    
唐山师范学院图书馆 欢迎您!
大连网信软件有限公司© 版权所有